| 000 | 00723nam a2200241Ia 4500 | ||
|---|---|---|---|
| 003 | OSt | ||
| 005 | 20220918164804.0 | ||
| 006 | a|||||r|||| 00| 0 | ||
| 007 | ta | ||
| 008 | 220917b |||||||| |||| 00| 0 eng d | ||
| 020 | _a0761918841 (pbk) | ||
| 024 | _a176,083 | ||
| 037 | _cTextual | ||
| 040 |
_aARTS _cARTS _beng |
||
| 041 |
_2eng _aeng |
||
| 082 | _aX:75.73, N9 (SC) | ||
| 245 | 0 |
_aApproaches to economic development _b readings from economic development quarterly edited by John P. Blair and Laura A. Reese |
|
| 260 |
_aThousands _bOaks Sage Publications _c1999 |
||
| 300 |
_axiv, 328p. _ccm. |
||
| 650 | _aECONOMICS | ||
| 942 |
_hX:75.73, N9 (SC) _cTEXL _2CC |
||
| 999 |
_c126616 _d126616 |
||